[Event "Challenge"]
[Site "http://www.queenalice.com/game.php?id=446953"]
[Date "2008.8.11"]
[Round "-"]
[White "micoprego"]
[Black "DrChuck"]
[Result "1-0"]
[WhiteElo "1826"]
[BlackElo "1463"]

1. Nf3 d5 2. d4 Nc6 3. c4 dxc4 4. e3 Qd5 5. Nc3 Qe6 6. Ng5 Qg6 7. e4 h6 8. Nf3
e6 9. d5 exd5 10. exd5 Nb4 11. Ne5 Qf5 12. Qa4+ c6 13. dxc6 Qxe5+ 14. Be3 Nxc6
15. Bxc4 Bb4 16. O-O Bxc3 17. bxc3 Qxc3 18. Rac1 Qe5 19. Rfe1 Be6 20. Bb5 Qc7
21. Bxc6+ bxc6 22. Rxc6 Qd7 23. Bc5 Ne7 24. Bxe7 Kxe7 25. Qb4+ Ke8 26. Qc3 Rg8
27. Rc7 Qd6 28. Qc4 Rc8 29. Qa4+ Kf8 30. Rxc8+ Ke7 31. Rxg8 Kf6 32. Qxa7 Bd5 33.
Qd4+ Kg6 34. Rxg7+ Kh5 35. Qg4# 1-0

[Event "Revenge?"]
[Site "http://www.queenalice.com/game.php?id=447445"]
[Date "2008.8.11"]
[Round "-"]
[White "DrChuck"]
[Black "stephancharette"]
[Result "1-0"]
[WhiteElo "1500"]
[BlackElo "1316"]

1. d4 d6 2. e4 Nf6 3. Nc3 b6 4. Qf3 Ba6 5. e5 c6 6. Bxa6 Nxa6 7. exf6 gxf6 8.
Nh3 Qc8 9. O-O Nb4 10. Qe2 Qf5 11. Ne4 Qb5 12. Qd2 Nd5 13. Nc3 Nxc3 14. Qxc3 c5
15. Re1 cxd4 16. Qxd4 Rc8 17. Qe4 Qe5 18. Qa4+ Kd8 19. Rxe5 fxe5 20. Ng5 f6 21.
Nf7+ Kc7 22. Nxh8 e6 23. Qxa7+ Kd8 24. Qxb6+ Rc7 25. Bd2 Kd7 26. Ba5 Rxc2 27.
Qb7+ Ke8 28. Qf7# 1-0

[Event "Challenge"]
[Site "http://www.queenalice.com/game.php?id=447766"]
[Date "2008.8.12"]
[Round "-"]
[White "juan_francisco"]
[Black "DrChuck"]
[Result "1-0"]
[WhiteElo "1324"]
[BlackElo "1608"]

1. e4 d5 2. d3 c6 3. f3 e5 4. b3 Bb4+ 5. c3 Be7 6. Na3 Qa5 7. b4 Qc7 8. c4 Bxb4+
9. Ke2 Qa5 10. Bd2 Bxd2 11. Qxd2 Qxa3 12. cxd5 cxd5 13. exd5 Nf6 14. Rc1 O-O 15.
Rc3 Qa6 16. Nh3 Nxd5 17. Rc5 Nf4+ 18. Nxf4 exf4 19. Qxf4 Re8+ 20. Re5 Qxa2+ 21.
Ke3 Be6 22. g3 Nd7 23. Rxe6 Rxe6+ 24. Kd4 1-0

[Event "Challenge"]
[Site "http://www.queenalice.com/game.php?id=454028"]
[Date "2008.8.26"]
[Round "-"]
[White "stephancharette"]
[Black "DrChuck"]
[Result "0-1"]
[WhiteElo "1167"]
[BlackElo "1437"]

1. e4 e5 2. Nf3 f6 3. Nc3 c6 4. d3 d5 5. b3 Bb4 6. Qd2 Qa5 7. Bb2 d4 8. Nxd4
exd4 9. a3 dxc3 10. Bxc3 Bxc3 11. Rd1 Bxd2+ 12. Rxd2 Qxa3 13. Be2 Be6 14. Bd1
Nd7 15. O-O O-O-O 16. Re1 f5 17. Re3 Nc5 18. Kf1 fxe4 19. Ke2 exd3+ 20. cxd3
Nxb3 21. Bxb3 Qxb3 22. Rxe6 Qxe6+ 0-1

[Event "Challenge"]
[Site "http://www.queenalice.com/game.php?id=454447"]
[Date "2008.8.27"]
[Round "-"]
[White "Andrei_78"]
[Black "DrChuck"]
[Result "1-0"]
[WhiteElo "1483"]
[BlackElo "1417"]

1. e4 e5 2. d3 c6 3. Nf3 f6 4. h3 d5 5. Be2 Ne7 6. exd5 cxd5 7. c3 Qb6 8. O-O
Nd7 9. Na3 e4 10. dxe4 dxe4 11. Nd4 f5 12. Nc4 Qf6 13. Bh5+ g6 14. Be2 Nc6 15.
Nb5 Kd8 16. Bf4 Ne5 17. Bxe5 Qa6 18. Bxh8 Qxb5 19. Nd6 Qxb2 20. Nf7+ Ke7 21. Ng5
Bh6 22. Ne6 Kxe6 23. Bc4+ Ke7 24. Qd5 Qb6 25. Qf7+ Kd8 26. Qg8+ Nf8 27. Bg7 Bxg7
28. Qxg7 Qc5 29. Rad1+ Bd7 30. Qf6+ Kc7 31. Rd4 b5 32. Bd5 Rd8 33. Qe5+ Kc8 34.
Rb1 Ne6 35. c4 Nxd4 36. Re1 Be6 37. Bxe6+ Nxe6 38. Qxe6+ Kb8 39. Qf7 Rd2 40. Rf1
Qc7 41. Qg8+ Kb7 42. cxb5 Kb6 43. a4 f4 44. Qe6+ Qd6 45. Qxe4 Rd4 46. Qf3 Rxa4
47. Rd1 Qb4 48. Qc6+ Ka5 49. Qa6# 1-0

[Event "Challenge"]
[Site "http://www.queenalice.com/game.php?id=454825"]
[Date "2008.8.28"]
[Round "-"]
[White "Saintsalles"]
[Black "DrChuck"]
[Result "1-0"]
[WhiteElo "1581"]
[BlackElo "1457"]

1. e4 e5 2. Bc4 Nf6 3. d3 d5 4. exd5 Nxd5 5. Qe2 f6 6. Bd2 Nb4 7. Bc3 Nd5 8.
Bxd5 Qxd5 9. f3 Qb5 10. a4 Qb6 11. b3 Bb4 12. Bxb4 Qxb4+ 13. Nd2 a5 14. Qe3 O-O
15. Ne2 Qd6 16. Nc4 Qc6 17. Nc3 Be6 18. Ne4 b5 19. axb5 Qxb5 20. O-O Na6 21.
Rxa5 Qb4 22. Ra4 Qb7 23. Na5 Nb4 24. Nxb7 Nxc2 25. Qc5 Bxb3 26. Rxa8 Rxa8 27.
Qxc7 Ne3 28. Rb1 Bc2 29. Re1 Bxd3 30. Rxe3 Ra1+ 31. Kf2 Rf1+ 32. Kg3 Ba6 33.
Qd8+ Kf7 34. Nbd6+ Kg6 35. Qe8+ Kh6 36. Nf5# 1-0

[Event "Challenge"]
[Site "http://www.queenalice.com/game.php?id=456247"]
[Date "2008.8.31"]
[Round "-"]
[White "DrChuck"]
[Black "Mars"]
[Result "0-1"]
[WhiteElo "1417"]
[BlackElo "1539"]

1. d4 d5 2. f3 Nc6 3. c3 e5 4. e4 Nf6 5. Bb5 Bd6 6. Nh3 Bxh3 7. gxh3 O-O 8. Rf1
dxe4 9. fxe4 Ne7 10. Rg1 g6 11. Bh6 exd4 12. cxd4 Bxh2 13. Rg4 Nxg4 14. Qxg4
Qxd4 15. Nc3 Qb4 16. b3 Qxc3+ 17. Ke2 Qxa1 18. Qe6 Qxa2+ 19. Ke3 Bg1+ 20. Kf4
Qf2+ 21. Ke5 fxe6 0-1

[Event "Challenge"]
[Site "http://www.queenalice.com/game.php?id=461187"]
[Date "2008.9.10"]
[Round "-"]
[White "tomas_lp_96"]
[Black "DrChuck"]
[Result "0-1"]
[WhiteElo "1368"]
[BlackElo "1362"]

1. e3 d5 2. Bb5+ c6 3. Bf1 e5 4. Be2 Qg5 5. Bf1 Qh4 6. g3 Qb4 7. c3 Qa4 8. b3
Qa5 9. b4 Qd8 10. Nh3 Qf6 11. Ng1 h5 12. Bh3 Bf5 13. Bg2 Nh6 14. Bf1 Ng4 15. h3
Nxf2 16. Qe2 Nxh1 17. Qg2 Be4 18. Nf3 Bxf3 19. Qh2 Qg6 20. Bg2 Qxg3+ 21. Kf1
Qf2# 0-1

[Event "Challenge"]
[Site "http://www.queenalice.com/game.php?id=462109"]
[Date "2008.9.12"]
[Round "-"]
[White "DrChuck"]
[Black "Saintsalles"]
[Result "0-1"]
[WhiteElo "1376"]
[BlackElo "1656"]

1. d4 d5 2. f3 Nc6 3. e4 dxe4 4. fxe4 Nxd4 5. c3 Nc6 6. Nf3 Bg4 7. h3 Bxf3 8.
gxf3 Qxd1+ 9. Kxd1 O-O-O+ 10. Nd2 e5 11. Ke1 Bc5 12. Nc4 Nf6 13. Be3 Bxe3 14.
Nxe3 Nh5 15. Be2 Ng3 16. Rg1 Nxe2 17. Kxe2 g6 18. Ng4 b6 19. Nh6 Rd7 20. Rgd1 f6
21. h4 Rf8 22. Rf1 Na5 23. f4 Nc4 24. b3 Rd2+ 25. Ke1 Ne3 26. Kxd2 Nxf1+ 27.
Rxf1 Rd8+ 28. Kc1 Rd3 29. Kc2 Re3 30. fxe5 fxe5 31. h5 gxh5 32. Rh1 a5 33. Rxh5
Rxe4 34. Nf7 Re2+ 35. Kb1 e4 36. Rxh7 c5 37. Rh1 e3 38. Ng5 Rf2 39. Re1 e2 40.
Nh3 Rf1 0-1

[Event "AUTO-INT-1042"]
[Site "http://www.queenalice.com/game.php?id=465477"]
[Date "2008.9.19"]
[Round "1"]
[White "Adinirso"]
[Black "DrChuck"]
[Result "1-0"]
[WhiteElo "1672"]
[BlackElo "1424"]

1. e4 e5 2. Nf3 c6 3. Nxe5 Qe7 4. d4 f6 5. Qh5+ g6 6. Qh4 fxe5 7. Qxe7+ Bxe7 8.
dxe5 d5 9. exd6 Bxd6 10. Nc3 Nf6 11. f3 Na6 12. Bd2 Nb4 13. O-O-O Be6 14. a3 Na6
15. Bxa6 bxa6 16. Bg5 Be5 17. Bxf6 Bxf6 18. Rd6 Ke7 19. Rxc6 Bc8 20. Nd5+ Kd7
21. Rxf6 Bb7 22. Rf7+ Kc6 23. Rc7+ Kd6 24. Rxb7 Rab8 25. Rxa7 1-0

[Event "AUTO-INT-1042"]
[Site "http://www.queenalice.com/game.php?id=465478"]
[Date "2008.9.19"]
[Round "1"]
[White "DrChuck"]
[Black "Adinirso"]
[Result "0-1"]
[WhiteElo "1437"]
[BlackElo "1596"]

1. d4 d5 2. f3 Nc6 3. c3 h6 4. e4 dxe4 5. fxe4 Nf6 6. Qf3 Bg4 7. Qd3 e5 8. Nf3
Bxf3 9. gxf3 exd4 10. cxd4 Bb4+ 11. Nc3 Nxd4 12. Bd2 c5 13. Nb5 Bxd2+ 14. Qxd2
Nxf3+ 15. Kf2 Nxd2 16. Bg2 O-O 17. Rhd1 Qd3 18. Nc3 Ndxe4+ 19. Bxe4 Nxe4+ 20.
Nxe4 Qxe4 21. Re1 Qd4+ 0-1

[Event "Challenge"]
[Site "http://www.queenalice.com/game.php?id=467443"]
[Date "2008.9.23"]
[Round "-"]
[White "Mahalael"]
[Black "DrChuck"]
[Result "0-1"]
[WhiteElo "1377"]
[BlackElo "1403"]

1. e4 e5 2. Nf3 f6 3. h4 c6 4. g4 d5 5. exd5 Qxd5 6. Nc3 Qd6 7. g5 Bg4 8. Bh3
Qe6 9. Ke2 Bxh3 10. Qg1 Bg4 11. gxf6 Nxf6 12. Kd1 Bxf3+ 13. Ke1 Bxh1 14. Qxh1
Qg4 15. d3 Qd4 16. Be3 Qg4 17. f3 Qd7 18. Kd2 Na6 19. h5 O-O-O 20. Na4 Nb4 21.
Bxa7 Nxc2 22. Nb6+ Kc7 23. Nxd7 Nxa1 24. Nxf8 Rhxf8 25. Qxa1 Nxh5 26. b4 Rxf3
27. Qh1 Rdxd3+ 28. Ke2 Nf4+ 29. Ke1 b6 30. a3 Rfe3+ 31. Kf2 Re2+ 32. Kf1 Rd1#
0-1

[Event "Challenge"]
[Site "http://www.queenalice.com/game.php?id=468288"]
[Date "2008.9.25"]
[Round "-"]
[White "DrChuck"]
[Black "ingridcardoso"]
[Result "1-0"]
[WhiteElo "1395"]
[BlackElo "1399"]

1. d4 Nc6 2. c3 d5 3. f3 e5 4. e4 Nf6 5. Bb5 dxe4 6. dxe5 Qxd1+ 7. Kxd1 Nh5 8.
fxe4 Bd7 9. Nf3 Ne7 10. Be2 O-O-O 11. Nbd2 g6 12. Rf1 f5 13. Ng5 Be6 14. Nxe6
Rd7 15. exf5 gxf5 16. Bxh5 Bh6 17. Nd4 f4 18. Nc4 c5 19. Bxf4 Rdd8 20. Nd6+ Kb8
21. Bxh6 cxd4 22. cxd4 Nc8 23. Bg5 Rd7 24. Nxc8 Rxc8 25. Rf4 Rd5 26. Rc1 Rxc1+
27. Kxc1 a5 28. Rf8+ Ka7 29. Be3 b5 30. Bf3 Rd7 31. d5+ Ka6 32. d6 Rg7 33. Ra8+
1-0

[Event "Allez-hop cascade!"]
[Site "http://www.queenalice.com/game.php?id=470362"]
[Date "2008.9.29"]
[Round "-"]
[White "stephancharette"]
[Black "DrChuck"]
[Result "1/2-1/2"]
[WhiteElo "1377"]
[BlackElo "1414"]

1. e3 d5 2. Nf3 f6 3. g3 e5 4. Nc3 c6 5. d4 e4 6. Nh4 Nh6 7. Bg2 Bg4 8. Ne2 Qa5+
9. c3 Be7 10. f3 Be6 11. Nf4 Bc8 12. fxe4 g5 13. Bh3 Nd7 14. Qh5+ Nf7 15. Nfg6
hxg6 16. Qxg6 Ne5 17. dxe5 fxe5 18. Bxc8 Rxc8 19. Nf5 dxe4 20. Nxe7 Kxe7 21.
Qxe4 Rcd8 22. Bd2 Qb5 23. O-O-O Nd6 24. Qg6 Rhg8 25. Qc2 Nc4 26. a3 Rd5 27. h4
Rgd8 28. Rh2 gxh4 29. gxh4 Qb6 30. Re2 Rd3 31. a4 R3d5 32. e4 Rxd2 33. Rexd2
Nxd2 34. Rxd2 Qe3 35. b3 Qe1+ 36. Rd1 Qxh4 37. Rxd8 Kxd8 38. Qd2+ Kc7 39. Qc2
Qe1+ 40. Kb2 a6 41. c4 Kd6 42. Ka3 Qa1+ 43. Kb4 c5+ 44. Ka5 Qe1+ 45. Kb6 Qb4+
46. Ka7 Kc6 47. Qd3 Qb6+ 48. Ka8 Qc7 49. Qd5+ Kb6 50. Qe6+ Ka5 51. Qd5 Kb6 52.
Qe6+ Qc6 53. Qxc6+ Kxc6 54. Ka7 a5 55. Ka8 b6 1/2-1/2